[Event "ESP-chT CECLUB Div2 Gp2"]
[Site "Burguillos"]
[Date "2012.08.12"]
[Round "6.1"]
[White "Aranaz Murillo, Amalia"]
[Black "Razmyslov, Alexander"]
[Result "0-1"]
[WhiteElo "2237"]
[BlackElo "2452"]
[PlyCount "106"]
[EventDate "2012.08.08"]
[EventType "team-swiss"]
[EventRounds "6"]
[EventCountry "ESP"]
[SourceTitle "CBM 149 Extra"]
[Source "ChessBase"]
[SourceDate "2012.08.24"]
[SourceVersion "1"]
[SourceVersionDate "2012.08.24"]
[SourceQuality "1"]
[WhiteTeam "Alekhine Espartinas"]
[BlackTeam "Oromana"]
[WhiteTeamCountry "ESP"]
[BlackTeamCountry "ESP"]

1. Nf3 c5 2. c4 g6 3. g3 Bg7 4. Bg2 Nc6 5. Nc3 a6 6. Rb1 b5 7. cxb5 axb5 8. Nxb5 Rxa2 9. 0-0 Ra5 10. Nc3 Nh6 11. Ne1 Ra8 12. b4 cxb4 13. Rxb4 0-0 14. Rb1 e6 15. d4 d5 16. Nc2 Ba6 17. Re1 Qa5 18. Bd2 Qc7 19. Bf4 Qa5 20. Bd2 Qd8 21. Bc1 Nf5 22. Ba3 Re8 23. e3 Qa5 24. Na2 Bc4 25. Nab4 Na7 26. Nd3 Nc6 27. Ndb4 Nfe7 28. Nxc6 Nxc6 29. Bc5 Rab8 30. Na3 Ba6 31. Ra1 Qc7 32. Nb1 Bb5 33. Na3 Ba6 34. Nb1 Bc4 35. Nd2 Bb5 36. Nb1 Ra8 37. Na3 Ba6 38. Qd2 Ne5 39. Rec1 Nd3 40. Rc3 Nxc5 41. Rxc5 Qxc5 42. dxc5 Bxa1 43. Nc2 Bc4 44. Bf1 Bxf1 45. Kxf1 Ra2 46. Kg2 Rc8 47. Qd3 Rxc5 48. Nxa1 Rxa1 49. Qd4 Rac1 50. h4 h5 51. Qf6 R5c4 52. Qe5 Rb1 53. Qd6 Rb2 0-1

[Event "ESP-chT CECLUB Div2 Gp2"]
[Site "Burguillos"]
[Date "2012.08.09"]
[Round "2.1"]
[White "Razmyslov, Alexander"]
[Black "Mascaro March, Pedro"]
[Result "0-1"]
[WhiteElo "2452"]
[BlackElo "2375"]
[PlyCount "108"]
[EventDate "2012.08.08"]
[EventType "team-swiss"]
[EventRounds "6"]
[EventCountry "ESP"]
[SourceTitle "CBM 149 Extra"]
[Source "ChessBase"]
[SourceDate "2012.08.24"]
[SourceVersion "1"]
[SourceVersionDate "2012.08.24"]
[SourceQuality "1"]
[WhiteTeam "Oromana"]
[BlackTeam "Binissalem"]
[WhiteTeamCountry "ESP"]
[BlackTeamCountry "ESP"]

1. d4 Nf6 2. Nf3 d5 3. g3 c6 4. Bg2 Bg4 5. c4 e6 6. Nc3 Nbd7 7. Qb3 Bxf3 8. Bxf3 Qb6 9. Bf4 Be7 10. c5 Qxb3 11. axb3 a6 12. g4 0-0 13. b4 Rac8 14. g5 Ne8 15. Bg4 Bd8 16. h4 Bc7 17. Bd2 Rd8 18. f4 g6 19. e3 Ng7 20. Ke2 f5 21. Bf3 Kf7 22. h5 Nxh5 23. Bxh5 gxh5 24. Rxh5 Kg7 25. Rh6 Rde8 26. Kf2 Rf7 27. Rah1 Nf8 28. Ne2 Kg8 29. Ng1 Ng6 30. Nf3 Rg7 31. Bc3 Ree7 32. Ra1 Re8 33. Bd2 Rf7 34. Ne1 Rg7 35. Nd3 Rf7 36. Nc1 Rc8 37. Ne2 Bd8 38. Rh3 Bc7 39. Kf3 Bd8 40. Ng3 Be7 41. Rg1 Bd8 42. Be1 Be7 43. Nh5 Bd8 44. Bh4 Be7 45. Nf6+ Bxf6 46. gxf6 Kh8 47. Bg5 Rg8 48. Rgh1 Ra8 49. Ke2 Kg8 50. Kd2 Rc8 51. Kc3 Rb8 52. Ra1 Nf8 53. Rg1 Ng6 54. Ra1 Nf8 0-1

[Event "ESP-chT CECLUB Div2 Gp2"]
[Site "Burguillos"]
[Date "2012.08.08"]
[Round "1.1"]
[White "Navarrete Guerrero, Jose Luis"]
[Black "Razmyslov, Alexander"]
[Result "0-1"]
[WhiteElo "1903"]
[BlackElo "2452"]
[PlyCount "58"]
[EventDate "2012.08.08"]
[EventType "team-swiss"]
[EventRounds "6"]
[EventCountry "ESP"]
[SourceTitle "CBM 149 Extra"]
[Source "ChessBase"]
[SourceDate "2012.08.24"]
[SourceVersion "1"]
[SourceVersionDate "2012.08.24"]
[SourceQuality "1"]
[WhiteTeam "Vipren de Chiclana"]
[BlackTeam "Oromana"]
[WhiteTeamCountry "ESP"]
[BlackTeamCountry "ESP"]

1. e4 c5 2. c3 e6 3. d4 d5 4. exd5 exd5 5. Bb5+ Nc6 6. Nf3 Bd6 7. Be3 c4 8. 0-0 Nge7 9. Ne5 0-0 10. Nxc6 bxc6 11. Ba4 Qc7 12. h3 f5 13. Bg5 Ng6 14. Nd2 Bd7 15. Bc2 Be8 16. Nf3 f4 17. Nh4 Nxh4 18. Bxh4 f3 19. g4 Bd7 20. Kh1 h5 21. Rg1 hxg4 22. hxg4 Rae8 23. Qf1 Re6 24. g5 Re2 25. Rc1 Qc8 26. Bg3 Bh3 27. Qd1 Bg2+ 28. Rxg2 fxg2+ 29. Kxg2 Qg4 0-1

[Event "Seville op 37th"]
[Site "Seville"]
[Date "2012.01.14"]
[Round "8"]
[White "Razmyslov, Alexander"]
[Black "Saric, Ante"]
[Result "1/2-1/2"]
[WhiteElo "2438"]
[BlackElo "2528"]
[PlyCount "24"]
[EventDate "2012.01.07"]
[EventType "swiss"]
[EventRounds "9"]
[EventCountry "ESP"]
[SourceTitle "CBM 146 Extra"]
[Source "ChessBase"]
[SourceDate "2012.02.29"]
[SourceVersion "1"]
[SourceVersionDate "2012.02.29"]
[SourceQuality "1"]

1. d4 Nf6 2. Nf3 e6 3. c4 Bb4+ 4. Bd2 Qe7 5. g3 Bxd2+ 6. Qxd2 Nc6 7. Nc3 d5 8. Ne5 dxc4 9. Nxc6 bxc6 10. Bg2 0-0 11. Bxc6 Rb8 12. 0-0 Qd6 1/2-1/2

[Event "Seville op 37th"]
[Site "Seville"]
[Date "2012.01.13"]
[Round "7"]
[White "Burmakin, Vladimir"]
[Black "Razmyslov, Alexander"]
[Result "0-1"]
[WhiteElo "2593"]
[BlackElo "2438"]
[PlyCount "76"]
[EventDate "2012.01.07"]
[EventType "swiss"]
[EventRounds "9"]
[EventCountry "ESP"]
[SourceTitle "CBM 146 Extra"]
[Source "ChessBase"]
[SourceDate "2012.02.29"]
[SourceVersion "1"]
[SourceVersionDate "2012.02.29"]
[SourceQuality "1"]

1. d4 Nf6 2. Nf3 g6 3. Bf4 Bg7 4. e3 0-0 5. c3 d5 6. Be2 c5 7. Nbd2 Qb6 8. Qb3 Nc6 9. 0-0 Qa5 10. Rfc1 Nh5 11. Bg5 h6 12. Bh4 g5 13. Bg3 Nxg3 14. hxg3 g4 15. Nh2 cxd4 16. Bxg4 dxe3 17. fxe3 Qc5 18. Ndf1 f5 19. Bf3 Be6 20. Rd1 Rad8 21. Rac1 Kh8 22. Rd2 b5 23. Rcd1 Na5 24. Qc2 Nc4 25. Re2 Bg8 26. Bh5 Bh7 27. Qc1 Rd6 28. Kh1 Ra6 29. Nf3 Nd6 30. a3 Ne4 31. N3d2 Be5 32. Nxe4 fxe4 33. Red2 Raf6 34. b4 Qc6 35. Be2 Bg8 36. Rc2 Rg6 37. a4 a6 38. axb5 Qf6 0-1

[Event "Seville op 37th"]
[Site "Seville"]
[Date "2012.01.10"]
[Round "4"]
[White "Razmyslov, Alexander"]
[Black "Sengupta, Deep"]
[Result "0-1"]
[WhiteElo "2438"]
[BlackElo "2562"]
[PlyCount "78"]
[EventDate "2012.01.07"]
[EventType "swiss"]
[EventRounds "9"]
[EventCountry "ESP"]
[SourceTitle "CBM 146 Extra"]
[Source "ChessBase"]
[SourceDate "2012.02.29"]
[SourceVersion "1"]
[SourceVersionDate "2012.02.29"]
[SourceQuality "1"]

1. d4 d5 2. c4 e6 3. Nc3 c6 4. e4 dxe4 5. Nxe4 Bb4+ 6. Bd2 Qxd4 7. Bxb4 Qxe4+ 8. Be2 Na6 9. Bd6 Nh6 10. Qd2 Nf5 11. 0-0-0 Nxd6 12. Qxd6 Qh4 13. Bf3 Rb8 14. Ne2 Qe7 15. Qd4 Qg5+ 16. Rd2 0-0 17. Qxa7 Qa5 18. Nc3 e5 19. Bd1 Be6 20. Re1 Bxc4 21. Re4 b5 22. Rxe5 Bxa2 23. Rd6 Bc4 24. Bc2 Qa1+ 25. Nb1 g6 26. Rxc6 Ra8 27. Qe7 Ba2 28. Re3 b4 29. Rh3 Bxb1 30. Bxb1 Rac8 31. Qb7 Rxc6+ 32. Qxc6 Qa5 33. Re3 Nc5 34. h4 Ne6 35. g4 Qd8 36. Ba2 Nd4 37. Qc4 Qd7 38. Qxb4 Rc8+ 39. Kb1 Nc2 0-1

[Event "Jaen op 21st"]
[Site "Jaen"]
[Date "2011.02.06"]
[Round "5"]
[White "Razmyslov, Alexander"]
[Black "Martos Exposito, Manuel"]
[Result "1-0"]
[WhiteElo "2439"]
[BlackElo "2107"]
[PlyCount "57"]
[EventDate "2011.02.06"]
[EventType "swiss (rapid)"]
[EventRounds "9"]
[EventCountry "ESP"]
[SourceTitle "CBM 140 Extra"]
[Source "ChessBase"]
[SourceDate "2011.03.01"]
[SourceVersion "1"]
[SourceVersionDate "2011.03.01"]
[SourceQuality "1"]

1. c4 b6 2. d4 Bb7 3. Nc3 e6 4. a3 d6 5. d5 e5 6. e4 Nd7 7. Bd3 g6 8. h4 h6 9. h5 g5 10. Nge2 Bc8 11. Ng3 Ngf6 12. Bc2 a5 13. Be3 Bg7 14. Nb1 Bf8 15. Bc1 Ng8 16. Nc3 Bb7 17. Bd3 Bc8 18. Nge2 Ngf6 19. Ng3 Bg7 20. Be3 0-0 21. b4 axb4 22. axb4 Ne8 23. Bf1 Bb7 24. Bc1 Nb8 25. Bd3 Nd7 26. Nge2 Bc8 27. Ng3 Nef6 28. Be3 Ne8 29. Kd2 1-0

[Event "Seville op 36th"]
[Site "Seville"]
[Date "2011.01.13"]
[Round "7"]
[White "Abbasov, Farid"]
[Black "Razmyslov, Alexander"]
[Result "1/2-1/2"]
[WhiteElo "2537"]
[BlackElo "2439"]
[PlyCount "77"]
[EventDate "2011.01.07"]
[EventType "swiss"]
[EventRounds "9"]
[EventCountry "ESP"]
[SourceTitle "CBM 140 Extra"]
[Source "ChessBase"]
[SourceDate "2011.03.01"]
[SourceVersion "1"]
[SourceVersionDate "2011.03.01"]
[SourceQuality "1"]

1. d4 Nf6 2. c4 g6 3. Nc3 Bg7 4. e4 d6 5. Nf3 0-0 6. Be2 e5 7. 0-0 exd4 8. Nxd4 Re8 9. f3 Nc6 10. Be3 Nh5 11. Nxc6 bxc6 12. Qd2 f5 13. Bg5 Bf6 14. Bxf6 Qxf6 15. exf5 Qxf5 16. f4 Nf6 17. Kh1 Qc5 18. b3 Qe3 19. Qb2 Bg4 20. Bxg4 Nxg4 21. h3 Nf6 22. Rf3 Qe7 23. Qf2 Qg7 24. Rd1 a5 25. Re1 Rxe1+ 26. Qxe1 Re8 27. Qf2 Qe7 28. Kh2 c5 29. Qd2 Qe1 30. Qd3 Qe6 31. Qc2 Qe1 32. Qd3 Qe6 33. Nb5 Re7 34. Qd2 a4 35. Qa5 axb3 36. axb3 Ne8 37. Qa8 Kg7 38. Nc3 Nf6 39. Rd3 1/2-1/2

[Event "Jaen 20th op"]
[Site "Jaen"]
[Date "2010.01.31"]
[Round "4.2"]
[White "Vazquez Igarza, Renier"]
[Black "Razmyslov, Alexander"]
[Result "1-0"]
[WhiteElo "2560"]
[BlackElo "2429"]
[PlyCount "98"]
[EventDate "2010.01.31"]
[EventType "swiss (rapid)"]
[EventCountry "ESP"]
[SourceTitle "EXT 2024"]
[Source "ChessBase"]
[SourceDate "2023.10.10"]
[SourceVersion "1"]
[SourceVersionDate "2023.10.10"]
[SourceQuality "1"]

1. d4 Nf6 2. c4 c6 3. Nc3 d5 4. Nf3 e6 5. Bg5 dxc4 6. e4 h6 7. Bxf6 Qxf6 8. Bxc4 b5 9. Bd3 Nd7 10. 0-0 e5 11. d5 a6 12. dxc6 Qxc6 13. a4 b4 14. Nd5 Bd6 15. Qe2 Qb7 16. Rfd1 Nb6 17. Nxb6 Qxb6 18. a5 Qb8 19. Bc4 0-0 20. Nh4 Re8 21. Rd3 Be6 22. Bxe6 Rxe6 23. Nf5 Bf8 24. Rd5 Qc7 25. g3 Rc6 26. Rad1 b3 27. Qf3 Rc2 28. Rd7 Qc4 29. Ne3 Qe6 30. R7d2 Rc5 31. Nd5 Rb8 32. Rd3 Qg6 33. Re1 Rcb5 34. h4 h5 35. Kg2 R8b7 36. Rc1 Rxa5 37. Rc8 Ra4 38. Rdc3 Qxe4 39. Rd3 Ra5 40. Rdc3 Ra4 41. Rxb3 Rxb3 42. Rc1 Bc5 43. Rc3 Rc4 44. Rd3 Kh7 45. Ne3 Kg8 46. Nf5 Bd4 47. Ne3 Bxe3 48. Rd8+ Kh7 49. Rd1 Kg8 1-0

[Event "Seville op 35th"]
[Site "Seville"]
[Date "2010.01.13"]
[Round "6"]
[White "Andersson, Ulf"]
[Black "Razmyslov, Alexander"]
[Result "1/2-1/2"]
[WhiteElo "2575"]
[BlackElo "2431"]
[PlyCount "103"]
[EventDate "2010.01.08"]
[EventType "swiss"]
[EventRounds "9"]
[EventCountry "ESP"]
[SourceTitle "CBM 134 Extra"]
[Source "ChessBase"]
[SourceDate "2010.03.03"]
[SourceVersion "1"]
[SourceVersionDate "2010.03.03"]
[SourceQuality "1"]

1. Nf3 Nf6 2. c4 g6 3. g3 Bg7 4. Bg2 0-0 5. 0-0 d6 6. Nc3 e5 7. d4 Nbd7 8. e4 exd4 9. Nxd4 Re8 10. h3 Nc5 11. Re1 a5 12. Rb1 c6 13. Bf4 Bf8 14. Qc2 Nh5 15. Be3 Ng7 16. Rbd1 Qc7 17. Qd2 Bd7 18. Kh2 f6 19. Nb3 Be6 20. Nxc5 dxc5 21. b3 Rad8 22. Qc1 Bc8 23. Rxd8 Rxd8 24. Rd1 Ne6 25. Rxd8 Qxd8 26. Qd2 Qxd2 27. Bxd2 Bd6 28. Bf1 Bc7 29. Bd3 Kf7 30. Kg2 Ke7 31. h4 Bd7 32. f4 Nd4 33. Kf2 b6 34. Ke3 Bg4 35. Ne2 Nxe2 36. Bxe2 Bxe2 37. Kxe2 h5 38. Kf3 f5 39. Ke3 Ke6 40. Bc3 Bd6 41. Bg7 Bc7 42. Bh6 Kf7 43. Kd3 Ke6 44. e5 Bd8 45. Kc3 Be7 46. Bg5 Bxg5 47. hxg5 Kd7 48. Kb2 Kc7 49. Ka3 Kd7 50. Ka4 Kc7 51. Ka3 Kd7 52. Kb2 1/2-1/2

[Event "ESP-chT2 Gr2"]
[Site "Burguillos"]
[Date "2009.08.06"]
[Round "3"]
[White "Cramling, Pia"]
[Black "Razmyslov, Alexander"]
[Result "1-0"]
[WhiteElo "2525"]
[BlackElo "2414"]
[PlyCount "113"]
[EventDate "2009.08.05"]
[EventType "team-swiss"]
[EventRounds "6"]
[EventCountry "ESP"]
[SourceTitle "CBM 131 Extra"]
[Source "ChessBase"]
[SourceDate "2009.09.03"]
[SourceVersion "2"]
[SourceVersionDate "2009.09.16"]
[SourceQuality "1"]

1. d4 Nf6 2. Nf3 g6 3. c4 Bg7 4. Nc3 0-0 5. Bg5 c5 6. d5 h6 7. Bh4 Qa5 8. Nd2 e5 9. e3 d6 10. Bd3 a6 11. 0-0 Nbd7 12. a4 Qc7 13. h3 Nh7 14. f4 exf4 15. exf4 f5 16. Qc2 Rf7 17. g4 Ndf8 18. gxf5 Bxf5 19. Bxf5 Rxf5 20. Nce4 Rh5 21. Nf3 Rf5 22. Bg3 Nf6 23. Nh4 Nxe4 24. Qxe4 Rf6 25. f5 g5 26. Nf3 Qd7 27. Nd2 Nh7 28. Qg4 Rf7 29. Ne4 Nf6 30. Nxf6+ Rxf6 31. Rae1 Qxa4 32. h4 Raf8 33. Re7 R8f7 34. Rxf7 Kxf7 35. hxg5 hxg5 36. Re1 Qc2 37. Qh5+ Kg8 38. Re8+ Rf8 39. Rxf8+ Bxf8 40. Qxg5+ Bg7 41. Bxd6 Qxb2 42. Bxc5 Kh8 43. Qh5+ Kg8 44. Qe8+ Kh7 45. Qg6+ Kh8 46. Qh5+ Kg8 47. Qe8+ Kh7 48. Qe4 Qc1+ 49. Kg2 Bf6 50. Qg4 Qb2+ 51. Bf2 Qe5 52. Bg3 Qb2+ 53. Kh3 a5 54. c5 Qa1 55. Qf3 a4 56. c6 bxc6 57. dxc6 1-0

[Event "Seville op 34th"]
[Site "Seville"]
[Date "2009.01.27"]
[Round "5"]
[White "Kurajica, Bojan"]
[Black "Razmyslov, Alexander"]
[Result "1/2-1/2"]
[WhiteElo "2552"]
[BlackElo "2404"]
[PlyCount "102"]
[EventDate "2009.01.23"]
[EventType "swiss"]
[EventRounds "9"]
[EventCountry "ESP"]
[SourceTitle "CBM 128 Extra"]
[Source "ChessBase"]
[SourceDate "2009.03.05"]
[SourceVersion "2"]
[SourceVersionDate "2009.03.25"]
[SourceQuality "1"]

1. d4 g6 2. e4 Bg7 3. Nc3 c6 4. Be3 d5 5. Qd2 dxe4 6. Nxe4 Qd5 7. Bd3 Nf6 8. Nxf6+ exf6 9. Nf3 0-0 10. c4 Qd8 11. h3 Re8 12. 0-0 Be6 13. Rad1 Na6 14. a3 Qe7 15. Rfe1 Red8 16. Bf4 Rd7 17. b4 Qd8 18. a4 Bf8 19. Rb1 Nc7 20. b5 Ne8 21. Rbc1 Ba3 22. Rcd1 a5 23. Re3 Bb4 24. Qe2 Ng7 25. Bh6 Bf5 26. bxc6 bxc6 27. Bxg7 Bxd3 28. Rexd3 Kxg7 29. Nh2 Qb6 30. c5 Qa6 31. Ng4 Rd5 32. Qe3 Rf5 33. Qh6+ Kh8 34. Rf3 Qe2 35. Rfd3 Re8 36. Kh2 Qe7 37. Re3 Qd8 38. Rxe8+ Qxe8 39. Rd3 Qb8+ 40. Kh1 Rh5 41. Qe3 Qd8 42. Qf3 Kg7 43. Qxc6 Bxc5 44. dxc5 Qxd3 45. Qxf6+ Kf8 46. c6 Rf5 47. c7 Rxf6 48. c8Q+ Kg7 49. Nxf6 Qd1+ 50. Kh2 Qd6+ 51. g3 Qxf6 1/2-1/2

[Event "ESP-chT Gp1"]
[Site "Burguillos"]
[Date "2008.08.14"]
[Round "3"]
[White "Perez Garcia, Rodney Oscar"]
[Black "Razmyslov, Alexander"]
[Result "1/2-1/2"]
[WhiteElo "2432"]
[BlackElo "2387"]
[PlyCount "92"]
[EventDate "2008.08.13"]
[EventType "team"]
[EventRounds "6"]
[EventCountry "ESP"]
[SourceTitle "CBM 126 Extra"]
[Source "ChessBase"]
[SourceDate "2008.11.05"]
[SourceVersion "1"]
[SourceVersionDate "2008.11.05"]
[SourceQuality "1"]

1. e4 c5 2. Nf3 d6 3. d4 cxd4 4. Nxd4 Nf6 5. Nc3 a6 6. Be3 e5 7. Nb3 Be6 8. f3 Nbd7 9. g4 Be7 10. Qd2 b5 11. 0-0-0 b4 12. Nd5 Bxd5 13. exd5 Nb6 14. Na5 Nbxd5 15. Nc4 Nxe3 16. Nxe3 Nd7 17. Nd5 Bh4 18. Qxb4 Nc5 19. Qb6 0-0 20. Qxd8 Rfxd8 21. b4 Ne6 22. Kb2 Kf8 23. c3 a5 24. a3 Ra7 25. Bc4 g6 26. Rhf1 Kg7 27. f4 Rc8 28. Bb3 exf4 29. Nxf4 Nxf4 30. Rxf4 Bf6 31. Rd3 axb4 32. axb4 Be5 33. Rc4 Rxc4 34. Bxc4 Bxh2 35. Bd5 Rc7 36. b5 Bg1 37. Rd1 Bc5 38. Rf1 f6 39. Rh1 Re7 40. Ra1 Kh6 41. Ra6 Re5 42. Bc6 Re2+ 43. Kb3 Re1 44. Kc2 Re2+ 45. Kb3 Re1 46. Kc2 Re2+ 1/2-1/2

[Event "ESP-chT Gp1"]
[Site "Burguillos"]
[Date "2008.08.14"]
[Round "2"]
[White "Razmyslov, Alexander"]
[Black "Camacho Collados, Jose"]
[Result "1-0"]
[WhiteElo "2387"]
[BlackElo "2276"]
[PlyCount "111"]
[EventDate "2008.08.13"]
[EventType "team"]
[EventRounds "6"]
[EventCountry "ESP"]
[SourceTitle "CBM 126 Extra"]
[Source "ChessBase"]
[SourceDate "2008.11.05"]
[SourceVersion "1"]
[SourceVersionDate "2008.11.05"]
[SourceQuality "1"]

1. e4 c6 2. d4 d5 3. exd5 cxd5 4. c4 Nf6 5. Nc3 g6 6. cxd5 Bg7 7. Bb5+ Nbd7 8. d6 exd6 9. Qe2+ Qe7 10. Bf4 Qxe2+ 11. Bxe2 Ke7 12. 0-0-0 Nb6 13. Bf3 Rd8 14. Nge2 d5 15. Bc7 Rd7 16. Be5 Bh6+ 17. Kb1 Rd8 18. Nf4 Bxf4 19. Bxf4 Bg4 20. Rde1+ Kf8 21. Bg5 Bxf3 22. Bxf6 Bxg2 23. Be7+ Kg7 24. Bxd8 Rxd8 25. Rhg1 Bh3 26. Re7 Bd7 27. b3 h5 28. Re5 Kh6 29. Kb2 Be6 30. Nb5 a6 31. Nc7 Bf5 32. a4 Rd7 33. Ne8 Nc8 34. Rc1 Na7 35. Rc7 Nc6 36. Re3 Nxd4 37. Rxd7 Bxd7 38. Nd6 f5 39. Rd3 Ne6 40. Rxd5 Bc6 41. Re5 Nd4 42. f4 Nf3 43. Re2 h4 44. Nf7+ Kh5 45. h3 Ng1 46. Re3 Nxh3 47. Rxh3 Kg4 48. Rc3 h3 49. Ne5+ Kxf4 50. Nxc6 bxc6 51. Rxh3 g5 52. Kc2 g4 53. Rh6 g3 54. Kd2 Kf3 55. Ke1 f4 56. Kf1 1-0

[Event "ESP-chT CECLUB Sur Div 1"]
[Site "Burguillos"]
[Date "2007.08.25"]
[Round "5"]
[White "Razmyslov, Alexander"]
[Black "Cuenca Jimenez, Jose Fernando"]
[Result "1/2-1/2"]
[WhiteElo "2354"]
[BlackElo "2408"]
[PlyCount "117"]
[EventDate "2007.08.22"]
[EventType "team"]
[EventRounds "6"]
[EventCountry "ESP"]
[SourceTitle "CBM 119 Extra"]
[Source "ChessBase"]
[SourceDate "2007.09.04"]
[SourceVersion "1"]
[SourceVersionDate "2007.09.04"]
[SourceQuality "1"]

1. e4 e6 2. d4 d5 3. Nc3 Nf6 4. Bg5 dxe4 5. Nxe4 Be7 6. Bxf6 gxf6 7. Nf3 a6 8. g3 Nc6 9. Nc3 f5 10. d5 Nb4 11. dxe6 Qxd1+ 12. Rxd1 Bxe6 13. Rd2 Rd8 14. a3 Nc6 15. Bd3 0-0 16. 0-0 b5 17. a4 bxa4 18. Nxa4 Nb4 19. Ne5 Bf6 20. Re1 Rd5 21. f4 Bxe5 22. Rxe5 Rxe5 23. fxe5 Rd8 24. Nc5 Rd5 25. Nxe6 fxe6 26. Kf2 Kf8 27. h3 Ke7 28. g4 Rxe5 29. gxf5 Nxd3+ 30. Rxd3 Rxf5+ 31. Ke3 Rb5 32. b3 Rd5 33. Rc3 Kd6 34. Rc4 Re5+ 35. Kd3 Rh5 36. h4 Rd5+ 37. Ke3 a5 38. Ra4 Rb5 39. Rd4+ Rd5 40. Ra4 Rc5 41. Rd4+ Ke7 42. c4 Re5+ 43. Kd3 Rf5 44. Ke2 h5 45. Rd1 Rf4 46. Ra1 Rxh4 47. Rxa5 Rh1 48. Kf2 h4 49. Kg2 Rb1 50. Rb5 Kd6 51. Kh3 Rh1+ 52. Kg4 h3 53. Kg3 Kc6 54. Re5 Kd6 55. Re3 Kc5 56. Rxe6 Rb1 57. Re5+ Kb4 58. Rb5+ Ka3 59. Rc5 1/2-1/2

[Event "ESP-chT CECLUB Sur Div 1"]
[Site "Burguillos"]
[Date "2007.08.24"]
[Round "4"]
[White "Fenollar Jorda, Manuel"]
[Black "Razmyslov, Alexander"]
[Result "0-1"]
[WhiteElo "2267"]
[BlackElo "2354"]
[PlyCount "104"]
[EventDate "2007.08.22"]
[EventType "team"]
[EventRounds "6"]
[EventCountry "ESP"]
[SourceTitle "CBM 119 Extra"]
[Source "ChessBase"]
[SourceDate "2007.09.04"]
[SourceVersion "1"]
[SourceVersionDate "2007.09.04"]
[SourceQuality "1"]

1. d4 e6 2. Nf3 c5 3. e3 cxd4 4. exd4 Nf6 5. Bd3 b6 6. 0-0 Bb7 7. Bf4 Nc6 8. c3 Be7 9. Nbd2 0-0 10. Re1 Rc8 11. Nf1 Na5 12. Qe2 d6 13. Ng3 Re8 14. Ng5 Bf8 15. Qc2 g6 16. a3 Bd5 17. Qe2 Bc4 18. Rad1 b5 19. N5e4 Nd5 20. Bg5 Be7 21. h4 Bxd3 22. Qxd3 Nc4 23. Rb1 a5 24. Bxe7 Qxe7 25. h5 b4 26. cxb4 axb4 27. a4 f5 28. hxg6 hxg6 29. Nc5 Nxb2 30. Nxf5 gxf5 31. Qg3+ Qg7 32. Qxd6 Nc4 33. Qa6 Nf4 34. Qb7 Qxb7 35. Nxb7 Nd5 36. a5 Ra8 37. Nc5 Rxa5 38. Nxe6 Ra3 39. Nc5 Rxe1+ 40. Rxe1 b3 41. Nxb3 Rxb3 42. Rc1 Ncb6 43. Rd1 Kf7 44. g3 Rb2 45. Rd3 Kg6 46. Kg2 Kg5 47. Kf3 Nc4 48. Kg2 Nce3+ 49. Kg1 Rb1+ 50. Kh2 Ng4+ 51. Kg2 Rb2 52. Rf3 Nde3+ 0-1

[Event "Seville op 32nd"]
[Site "Seville"]
[Date "2007.01.11"]
[Round "5"]
[White "Razmyslov, Alexander"]
[Black "Paunovic, Dragan"]
[Result "1/2-1/2"]
[WhiteElo "2349"]
[BlackElo "2516"]
[PlyCount "63"]
[EventDate "2007.01.07"]
[EventType "swiss"]
[EventRounds "9"]
[EventCountry "ESP"]
[SourceTitle "CBM 116 Extra"]
[Source "ChessBase"]
[SourceDate "2007.03.07"]
[SourceVersion "1"]
[SourceVersionDate "2007.03.07"]
[SourceQuality "1"]

1. e4 c5 2. Nf3 e6 3. d4 cxd4 4. Nxd4 a6 5. Nc3 Qc7 6. Bd3 Nf6 7. 0-0 d6 8. Kh1 b5 9. f4 b4 10. Nb1 Bb7 11. Nd2 Nbd7 12. N4b3 Be7 13. Qe2 0-0 14. a3 a5 15. a4 Rac8 16. Nf3 Nc5 17. Nxc5 dxc5 18. b3 c4 19. bxc4 Rfd8 20. Nd2 Nd7 21. Bb2 e5 22. Nb3 Bf6 23. Rae1 Re8 24. fxe5 Bxe5 25. Bxe5 Nxe5 26. c5 Re6 27. Rf5 Rd8 28. h3 g6 29. Rff1 Kg7 30. Qe3 Ree8 31. Bb5 Re7 32. Qf4 1/2-1/2